书目信息 |
| 题名: |
SCL、EL简介及入选期刊分析
|
|
| 作者: | 丛玲 , 马一太 主编 | |
| 分册: | ||
| 出版信息: | 天津 天津大学出版社 1999.03 |
|
| 页数: | 253页 | |
| 开本: | 32开 | |
| 丛书名: | ||
| 单 册: | ||
| 中图分类: | G257.36 | |
| 科图分类: | ||
| 主题词: | 图书馆学 , 图书馆事业 | |
| 电子资源: | ||
| ISBN: | 7-5618-1163-2 | |
| 000 | 00645nam0 2200217 45 | |
| 001 | 0010111029 | |
| 005 | 20001011102452.8 | |
| 010 | @a7-5618-1163-2@d12.00元 | |
| 100 | @a20001011d1999 km y0chiy0120 ea | |
| 101 | 0 | @achi |
| 105 | @a z 000yy | |
| 200 | 1 | @aSCL、EL简介及入选期刊分析@ASCL、EL Jian Jie Ji Ru Xuan Qi Kan Fen Xi@f丛玲,马一太主编@FCong Ling,Ma Yi Tai Zhu Bian |
| 210 | @a天津@c天津大学出版社@d1999.03 | |
| 215 | @a253页@d32开 | |
| 606 | 0 | @a图书馆学 |
| 606 | 0 | @a图书馆事业 |
| 690 | @aG257.36@v3 | |
| 701 | 0 | @a丛玲@4主编 |
| 701 | 0 | @a马一太@4主编 |
| 801 | @aCN@bPftUser@c20001011 | |
| 905 | @b174971-972@dG257.36@eC.531@f2 | |
| SCL、EL简介及入选期刊分析/丛玲,马一太主编.-天津:天津大学出版社,1999.03 |
| 253页;32开 |
| ISBN 7-5618-1163-2:12.00元 |
| ● |
| 相关链接 |
|
|
|
正题名:SCL、EL简介及入选期刊分析
索取号:G257.36/C.531
 
预约/预借
| 序号 | 登录号 | 条形码 | 馆藏地/架位号 | 状态 | 备注 |
| 1 | 174971 | 201749714 | 社科库409/409社科库 60排1列1层/ [索取号:G257.36/C.531] | 在馆 | |
| 2 | 174972 | 201749723 | 社科库409/409社科库 60排1列1层/ [索取号:G257.36/C.531] | 在馆 |